La Guerre froide : le mur de Berlin - Statistiques

Statistiques générales
  • Ce quiz a été pris 308 fois
  • Le résultat moyen est 12 sur 18
Statistiques - réponses
Question Réponse % Correct
Ce mur est le symbole d'une Europe divisée en pleine guerre froide par ... Le rideau de fer
95%
Quelle a été la principale cause de la construction du mur ? Empêcher un flot d'émigration croissant des allemands de l'Est vers la RFA
89%
En quelle année a eu lieu la chute du mur de Berlin ? 1989
88%
En quelle année le mur de Berlin a-t-il été érigé ? 1961
86%
Quel dirigeant soviétique , résolument réformateur, s'est engagé pour la fin de la guerre froide ? Il est à l'origine de la chute du mur de Berlin , puis de la disparition de l'URSS . Mikhail Gorbatchev
85%
Quelle crise de la guerre froide a été le prélude à la partition de l'Allemagne et de Berlin ? Le blocus de Berlin
80%
Comment s'appelait le principal poste frontière berlinois qui, lors de la guerre froide, permettait de franchir le mur qui divisait la capitale allemande entre le secteur Ouest et le secteur Est ? Checkpoint Charlie
72%
En 1963 , John Kennedy prononce à Berlin un discours historique marquant la solidarité du Monde libre pour les Berlinois. Quelles célèbres paroles a-t-il prononcées en allemand ? Je suis un berlinois !
71%
Au lendemain de la 2ème Guerre mondiale, Berlin était divisé en combien de zones d'occupation ? 4
69%
Comment les Allemands de l'Ouest et les Occidentaux surnommaient-ils le mur ? Le mur de la honte
66%
Quel président des Etats-Unis a apostrophé son homologue soviétique lors d'un discours à Berlin en 1987 devant la porte de Brandebourg en s'exclamant : " Abattez ce mur ! " ? Ronald Reagan
59%
Quel célèbre musicien est venu donner un concert au pied du mur pour encourager sa démolition ? Mstislav Rostropovitch
50%
Quel président du conseil de la RDA a pris la decision de sa construction avec l'accord de Khrouchtchev ? Walter Ulbricht
50%
Quel chancelier de la RFA de l'époque n'a pu que subir les évènements ? Konrad Adenauer
46%
Le dispositif de "protection" comprenait 2 murs d'enceinte avec barbelés et clôtures électriques, chemin de ronde avec 14 000 gardes et 302 miradors. Quelle était sa longueur totale ? 155 km
44%
Qui fut le premier chancelier de l'Allemagne réunifiée en 1990 ? Helmut Kohl
43%
Les gardes avaient pour ordre de tirer à vue. Un mémorial honore la mémoire des personnes abattues en essayant de franchir le mur. Combien y a-t-il eu de victimes "officiellement " recensées ? 176 victimes
42%
Quel surnom a été donné au mur par la propagande du régime de la RDA ? Le mur de protection antifasciste
27%
Aucun quiz correspondant
Distribution des résultats
% des personnes avec chaque résultat
Percentile par nombre de réponses
Votre historique - résultats
Vous n’avez pas pris ce quiz